<?xml version="1.0" encoding="UTF-8"?>
<record
    xmlns:xsi="http://www.w3.org/2001/XMLSchema-instance"
    xsi:schemaLocation="http://www.loc.gov/MARC21/slim http://www.loc.gov/standards/marcxml/schema/MARC21slim.xsd"
    xmlns="http://www.loc.gov/MARC21/slim">

  <leader>01157nam a22002417a 4500</leader>
  <controlfield tag="005">20170124103218.0</controlfield>
  <datafield tag="010" ind1=" " ind2=" ">
    <subfield code="a">B-180072</subfield>
  </datafield>
  <datafield tag="020" ind1=" " ind2=" ">
    <subfield code="c">120.00</subfield>
  </datafield>
  <datafield tag="035" ind1=" " ind2=" ">
    <subfield code="a">B-180072</subfield>
  </datafield>
  <datafield tag="037" ind1=" " ind2=" ">
    <subfield code="b">Cen Lib/Ret</subfield>
  </datafield>
  <datafield tag="040" ind1=" " ind2=" ">
    <subfield code="a">DPL</subfield>
    <subfield code="b">HN</subfield>
  </datafield>
  <datafield tag="082" ind1=" " ind2=" ">
    <subfield code="a">350</subfield>
    <subfield code="b">&#x935;&#x938;&#x94D;&#x924;&#x941;&#x928;&#x93F; </subfield>
  </datafield>
  <datafield tag="245" ind1=" " ind2=" ">
    <subfield code="a">&#x935;&#x938;&#x94D;&#x924;&#x941;&#x928;&#x93F;&#x937;&#x94D;&#x920; &#x932;&#x94B;&#x915; &#x92A;&#x94D;&#x930;&#x936;&#x93E;&#x938;&#x928; :</subfield>
    <subfield code="c">&#x938;&#x902;&#x92A;&#x93E;&#x926;&#x915; &#x90F;&#x928;.&#x90F;&#x928;. &#x913;&#x91D;&#x93E; </subfield>
    <subfield code="b">&#x939;&#x932; &#x92A;&#x94D;&#x930;&#x936;&#x928; &#x92A;&#x924;&#x94D;&#x930; &#x938;&#x939; &#x92E;&#x94B;&#x921;&#x932; &#x92A;&#x94D;&#x930;&#x936;&#x94D;&#x928; &#x92A;&#x924;&#x94D;&#x930; /</subfield>
  </datafield>
  <datafield tag="246" ind1=" " ind2=" ">
    <subfield code="a">Vastunishth lok prashasan : hal prashan ptr aur sah prashasan /</subfield>
    <subfield code="b">sampadak N.N. Ojha </subfield>
  </datafield>
  <datafield tag="250" ind1=" " ind2=" ">
    <subfield code="a">3rd ed </subfield>
  </datafield>
  <datafield tag="260" ind1=" " ind2=" ">
    <subfield code="a">&#x928;&#x92F;&#x940; &#x926;&#x93F;&#x932;&#x94D;&#x932;&#x940; </subfield>
    <subfield code="b">&#x915;&#x94D;&#x930;&#x94B;&#x928;&#x93F;&#x915;&#x932; &#x92C;&#x941;&#x915;&#x94D;&#x938; </subfield>
    <subfield code="c">2006</subfield>
  </datafield>
  <datafield tag="270" ind1=" " ind2=" ">
    <subfield code="b">&#x928;&#x92F;&#x940; &#x926;&#x93F;&#x932;&#x94D;&#x932;&#x940; </subfield>
    <subfield code="a">&#x92C;&#x940;-7 &#x90F;&#x915;&#x94D;&#x938;/114 - &#x90F; &#x938;&#x92B;&#x926;&#x930;&#x91C;&#x902;&#x917; &#x90F;&#x928;&#x94D;&#x915;&#x93E;&#x932;&#x94D;&#x935;&#x947; </subfield>
    <subfield code="e">110029</subfield>
  </datafield>
  <datafield tag="300" ind1=" " ind2=" ">
    <subfield code="a">209&#x92A;&#x943;</subfield>
    <subfield code="c">22&#x938;&#x947;&#x92E;&#x940;(&#x905;&#x91C;&#x93F;&#x932;&#x94D;&#x926; ) </subfield>
  </datafield>
  <datafield tag="650" ind1=" " ind2=" ">
    <subfield code="a">&#x932;&#x94B;&#x915; &#x92A;&#x94D;&#x930;&#x936;&#x93E;&#x938;&#x928; -- &#x92A;&#x930;&#x940;&#x915;&#x94D;&#x937;&#x93E; </subfield>
    <subfield code="x"> </subfield>
    <subfield code="z"> </subfield>
    <subfield code="9">80703</subfield>
  </datafield>
  <datafield tag="650" ind1=" " ind2=" ">
    <subfield code="a">Public Administration - Exam</subfield>
    <subfield code="9">96952</subfield>
  </datafield>
  <datafield tag="700" ind1=" " ind2=" ">
    <subfield code="a">&#x913;&#x91D;&#x93E;, &#x90F;&#x928;.&#x90F;&#x928;.</subfield>
    <subfield code="9">42260</subfield>
  </datafield>
  <datafield tag="942" ind1=" " ind2=" ">
    <subfield code="2">ddc</subfield>
    <subfield code="c">HN</subfield>
    <subfield code="h">350</subfield>
    <subfield code="m">&#x935;&#x938;&#x94D;&#x924;&#x941;&#x928;&#x93F; </subfield>
  </datafield>
  <datafield tag="999" ind1=" " ind2=" ">
    <subfield code="c">121655</subfield>
    <subfield code="d">121655</subfield>
  </datafield>
  <datafield tag="952" ind1=" " ind2=" ">
    <subfield code="0">0</subfield>
    <subfield code="1">0</subfield>
    <subfield code="4">0</subfield>
    <subfield code="7">0</subfield>
    <subfield code="a">L</subfield>
    <subfield code="b">L</subfield>
    <subfield code="d">2015-10-12</subfield>
    <subfield code="e">Cen Lib/Ret</subfield>
    <subfield code="g">120.00</subfield>
    <subfield code="l">0</subfield>
    <subfield code="o">350 &#x935;&#x938;&#x94D;&#x924;&#x941;&#x928;&#x93F;</subfield>
    <subfield code="p">B-180072</subfield>
    <subfield code="r">2015-10-12 00:00:00</subfield>
    <subfield code="t">1</subfield>
    <subfield code="v">120.00</subfield>
    <subfield code="w">2015-10-12</subfield>
    <subfield code="y">HN</subfield>
  </datafield>
  <datafield tag="952" ind1=" " ind2=" ">
    <subfield code="0">4</subfield>
    <subfield code="1">0</subfield>
    <subfield code="2">ddc</subfield>
    <subfield code="4">0</subfield>
    <subfield code="7">0</subfield>
    <subfield code="a">L</subfield>
    <subfield code="b">L</subfield>
    <subfield code="d">2016-10-13</subfield>
    <subfield code="e">Cen Lib/Ret</subfield>
    <subfield code="g">120.00</subfield>
    <subfield code="l">0</subfield>
    <subfield code="o">350 &#x935;&#x938;&#x94D;&#x924;&#x941;&#x928;&#x93F;</subfield>
    <subfield code="p">B-180071</subfield>
    <subfield code="r">2016-10-13 00:00:00</subfield>
    <subfield code="t">2</subfield>
    <subfield code="v">120.00</subfield>
    <subfield code="w">2016-10-13</subfield>
    <subfield code="y">HN</subfield>
    <subfield code="z">Written off on approval by DLB (By Circulation); dtd 15-06-2023</subfield>
  </datafield>
</record>
